000 00464nam a2200181Ia 4500
001 23718
005 20260414150956.0
008 260414t2003||||xx |||||||||||||| ||spa||
041 _aESP
082 _a693.852
_bE61
100 _aEnglekirk, Robert E.
_eAUT
245 0 _aSeismic design of reinforced and precast concrete buildings
_b
260 _c2003
300 _axxi, 825 páginas :
_c24 cm.
650 _a0
654 _aCIC
942 _cLIB
_dJUS
_fJUS
_2ddc
_n
999 _c23718
_d23718